000 00959nam a2200253 a 4500
001 41332
003 BD-RjUL
005 20211209053352.0
008 160529s1966 bg ||||| b||| 00| 0 ben d
020 _c: PRs 8.00
035 _a(BD-RjUL)41449
040 _aBD-RjUL
_bben
_cBD-RjUL
041 _aben
082 _223
_bKAB 1963
_a891.4413
100 1 _aকরিম, আনোয়ারুল
_9125079
245 1 0 _aবাউল কবি লালন শাহ /
_cআনোয়ারুল করিম
250 _a২য় পরিবর্ধিত সং.
260 _aঢাকা :
_bনওরোজ কিতাবিস্তান,
_c১৯৬৬
300 _a[১২], ৩২০, [২০] পৃ. ;
_c২১ সেমি.
504 _aগ্রন্থপঞ্জী সংযুক্ত
600 _aলালন শাহ
_d১৭৭৪-১৮৯০
_9234059
600 _aLalana Saha
_d1774-1890
_9234060
942 _2ddc
_cBK
999 _c41332
_d41332